000 01250nam a2200241 a 4500
003 AM-YeHGA
005 20250618074809.0
008 171218s2017 tu o|||gr|||||001|||arm||
040 _aAM-YeHGA
041 0 _aarm
245 1 0 _aԵրկու դրախտները :
_bՑանուցիր էջեր /
_cՎ. Թէքէեան ; Կազմող, խմբագիր և ծանոթագր՝ Ս. Տէյիրմենճեան ; Առաջաբանի հեղինակ՝ Վ. Ղազարեան.
260 _aԻսթանպուլ :
_bԱ. հ.,
_c2017.
300 _a478 էջ :
_bլուսանկար ;
_c19 սմ.
440 1 _aԺամանակ ;
_v5
_95810
504 _aՏողատակում մատենագիտական ծանոթագրություններ: Ծանոթագրություններ՝ էջ 246-257 և 453-465: Հատուկ անունների ցանկ՝ էջ 466-478:
650 1 4 _aՍփյուռքահայ հրապարակախոսություններ
650 1 4 _aՍփյուռքահայ հուշագրություն
700 1 _aՏէյիրմենճեան, Սեւան
_eկազմող
_4com
_eխմբագիր
_4edt
_eծանոթագրող
_4cmm
700 1 _aՂազարեան, Վաչէ
_eառաջաբան
_4aui
830 0 _aԺամանակ ;
_v5
_95810
942 _2udc
_cBK
090 _c399508
999 _c397414
_d397414